Development of curriculum - the Jagat Singh pur experience (Record no. 10069)

000 -LEADER
fixed length control field 00411pab a2200145 454500
008 - FIXED-LENGTH DATA ELEMENTS--GENERAL INFORMATION
fixed length control field 180718b1987 xxu||||| |||| 00| 0 eng d
100 ## - MAIN ENTRY--PERSONAL NAME
Personal name Swain, Saraswati
245 ## - TITLE STATEMENT
Title Development of curriculum - the Jagat Singh pur experience
260 ## - PUBLICATION, DISTRIBUTION, ETC.
Date of publication, distribution, etc. 1987
300 ## - PHYSICAL DESCRIPTION
Extent 154-9
362 ## - DATES OF PUBLICATION AND/OR SEQUENTIAL DESIGNATION
Dates of publication and/or sequential designation Jul.-Sep.
650 ## - SUBJECT ADDED ENTRY--TOPICAL TERM
Topical term or geographic name entry element Health Education - India
773 ## - HOST ITEM ENTRY
Main entry heading Health and Population - Perspectives and Issues
909 ## -
-- 10069
Holdings
Withdrawn status Lost status Damaged status Not for loan Permanent Location Current Location Date acquired Serial Enumeration / chronology Barcode Date last seen Price effective from Koha item type
        Indian Institute of Public Administration Indian Institute of Public Administration 2018-07-19 Volume no: 10, Issue no: 3 AR10090 2018-07-19 2018-07-19 Articles

Powered by Koha